Central Library OPAC University of Rajshahi

বাংলাদেশের শিল্প / (Record no. 52515)

MARC details
000 -LEADER
fixed length control field 01046nam a2200253 a 4500
001 - CONTROL NUMBER
control field 52515
003 - CONTROL NUMBER IDENTIFIER
rucl marc code BD-RjUL
005 - DATE AND TIME OF LATEST TRANSACTION
control field 20211209075823.0
008 - FIXED-LENGTH DATA ELEMENTS--GENERAL INFORMATION
fixed length control field 160921s1985 bg ||||| |||| 00| 0 ben d
035 ## - SYSTEM CONTROL NUMBER
System control number (BD-RjUL)52635
040 ## - CATALOGING SOURCE
Original cataloging agency BD-RjUL
Language of cataloging ben
Transcribing agency BD-RjUL
Modifying agency BD-RjUL
041 ## - LANGUAGE CODE
Language code of text/sound track or separate title ben
082 ## - DEWEY DECIMAL CLASSIFICATION NUMBER
Edition number 23
Classification number 338.095492
Author mark and year SIB 1985
100 ## - MAIN ENTRY--PERSONAL NAME
Personal name সিদ্দিকী, হাফিজ গোলাম আজম
9 (RLIN) 157038
245 10 - TITLE STATEMENT
Title বাংলাদেশের শিল্প /
Statement of responsibility, etc. হাফিজ গোলাম আজম সিদ্দিকী,
260 ## - PUBLICATION, DISTRIBUTION, ETC. (IMPRINT)
Place of publication, distribution, etc. ঢাকা :
Name of publisher, distributor, etc. বাংলা একাডেমী,
Date of publication, distribution, etc. ১৯৮৫.
300 ## - PHYSICAL DESCRIPTION
Pagination ১১৫ পৃ. ;
Size ১৮ সেমি.
490 ## - SERIES STATEMENT
Series statement ভাষা-শহীদ গ্রন্থমালা
504 ## - BIBLIOGRAPHY, ETC. NOTE
Bibliography, etc গ্রন্থপঞ্জি সংযুক্ত
650 ## - SUBJECT ADDED ENTRY--TOPICAL TERM
Topical term or geographic name as entry element শিল্প
Geographic subdivision বাংলাদেশ
9 (RLIN) 157039
Topical term or geographic name as entry element Industry
Geographic subdivision Bangladesh
9 (RLIN) 157040
830 ## - SERIES ADDED ENTRY--UNIFORM TITLE
Uniform title ভাষা-শহীদ গ্রন্থমালা
942 ## - ADDED ENTRY ELEMENTS (KOHA)
Source of classification or shelving scheme Dewey Decimal Classification
Koha item type Books
Holdings
Lost status Source of classification or shelving scheme Damaged status Not for loan Collection code Permanent Location Current Location Shelving location Date acquired Source of acquisition Cost, normal purchase price Total Checkouts Full call number Date last seen Copy number Koha item type
  Dewey Decimal Classification     Non-fiction Central Library, University of Rajshahi Central Library, University of Rajshahi   29/03/1987 Bangla Academy 15.00   B 338.095492 SIB 1985 21/09/2016 C-2 Books